Crown's Little World Japanese Dictionary

Bibliografiske detaljer
Hovedforfatter: Ralph Weiman
Format: Ukendt
LEADER 00197 a2200085 4500
020 |a 9789381753767 
100 |a Ralph Weiman  |9 59796 
245 |a Crown's Little World Japanese Dictionary 
942 |c BK 
999 |c 47631  |d 47631